000 00902nam a22002897a 4500
001 002145096
003 DO-SdBNP
005 20180215083223.0
007 002145096
008 161205b 2009 sp a ||||| |||| 00| 0 spa d
020 _c9788408078111
020 _a9788408085584
040 _aBPMSU
_bspa
_cBPMSU
100 1 _aStilton, Tea
240 1 _aLa città segreta.
_lEspañol
245 1 0 _aLa ciudad secreta /
_cTea Stilton ; ilustraciones de Alessandro Battan ...[et al.] ; traducción, Helena Aguilà.
260 _aBarcelona :
_bDestino,
_c2009.
300 _a178, [33] p. :
_bil. ;
_c22 cm.
490 1 _aClub de Tea
_v3
500 _aTraducción de: La città segreta
500 _a"Destino"
700 1 2 _aBattan, Alessandro,
_d1974-
_eil.
830 0 _aClub de Tea
_v3
942 _2ddc
_cBK
945 _aInventariado, 2018 /LP
956 _aLOPEREZ
_b10
_c20161205
_hBPMSU
999 _c12281
_d12281